00648nam a2200157 a 450000100100000000500170001000800410002704000250006808200150009310000240010824500910013226000420022330000210026595201870028699900170047300004508920201002045853.0150202s1973 nyu 000 0 spa d aDO-SdBNPbspacBNPHU axxxxbxxxx1 aBeter, Peter97310710aThe conspiracy against the dollar :bthe spirit of the New Imperialism /cPeter Beter. aNew York :bGoeorge Braziller,c1973. a110 p. ;c21 cm. 001050718MOaGRbGRcCTd2015-02-02iLF1l0oxxxx xxxxp45089-10r2020-06-25w2020-06-25y1zPerteneció a la biblioteca personal de Aída Cartagena Portalatín.ZNo se presta c44578d44578